| 000 | 00000nam##2200000za#4500 |
| 001 | 9.607498 |
| 003 | CaOODSP |
| 005 | 20220328113248 |
| 007 | cr ||||||||||| |
| 008 | 150406|2014||||xxc|||||o f|0| 0 fre|d |
| 020 | |a978-0-660-22621-7 |
| 040 | |aCaOODSP|bfre |
| 043 | |an-cn--- |
| 086 | 1 |aIu172-1/2010-1F-PDF |
| 110 | 1 |aCanada. |bIndustrie Canada. |
| 245 | 10|aLes TIC et la croissance de la productivité totale des facteurs : |h[ressource électronique]|bcapital incorporel ou externalités de production? / |c[par] Ram Acharya. |
| 260 | |aOttawa - Ontario : |bIndustrie Canada |cc2014. |
| 300 | |a37p.|bgraphiques, références, tableaux |
| 490 | 1 |aDocuments de travail de la Direction générale de la recherche économique et de l'analyse des politiques|v2010-01 |
| 590 | |a15-11|b2015-03-13 |
| 775 | 08|tICT and total factor productivity growth : |w(CaOODSP)9.580643 |
| 830 | #0|aDocuments de travail de la Direction générale de la recherche économique et de l'analyse des politiques ;|v2010-01|w(CaOODSP)9.504011 |
| 856 | 40|ahttp://publications.gc.ca|qPDF|s1167 Ko|uhttps://publications.gc.ca/collections/collection_2015/ic/Iu172-1-2010-1-fra.pdf|y2010-01 |